Państwa na literę C - Quiz na mapie - Nagła Śmierć - Statystyki

Ogólne statystyki
  • Ten quiz został rozwiązany 67 razy
  • Średni wynik to 7 z 10
Answers on the Grid
Answers color-coded by a green-red scale on the quiz's grid according to % correct below.
 
Statystyki odpowiedzi
Odpowiedź % Poprawnych
Czechy, Chorwacja, Czarnogóra
100%
Czad
81%
Chiny
81%
Chiny
76%
Chile
67%
Chile
67%
Chiny
64%
Chiny
62%
Cypr
52%
Chiny
36%
Nie znaleziono quizów pasujących do podanych kryteriów
Rozkład punktacji
Procent ludzi z każdym wynikiem
Percentyl według liczby udzielonych odpowiedzi
Twoja historia wyników
Nie rozwiązałeś tego quizu